<?xml version="1.0" encoding="UTF-8"?>
<record
    xmlns:xsi="http://www.w3.org/2001/XMLSchema-instance"
    xsi:schemaLocation="http://www.loc.gov/MARC21/slim http://www.loc.gov/standards/marcxml/schema/MARC21slim.xsd"
    xmlns="http://www.loc.gov/MARC21/slim">

  <leader>01264nam0a22002891  4500</leader>
  <controlfield tag="001">rc\540193</controlfield>
  <controlfield tag="005">20250621123908.0</controlfield>
  <datafield tag="035" ind1=" " ind2=" ">
    <subfield code="a">(NLR Aleph) 005777161</subfield>
  </datafield>
  <datafield tag="090" ind1=" " ind2=" ">
    <subfield code="a">5086487</subfield>
    <subfield code="c">5086487</subfield>
  </datafield>
  <datafield tag="100" ind1=" " ind2=" ">
    <subfield code="a">20030616d1988    |||y0rusy50      ca</subfield>
  </datafield>
  <datafield tag="101" ind1="0" ind2=" ">
    <subfield code="a">rus</subfield>
  </datafield>
  <datafield tag="102" ind1=" " ind2=" ">
    <subfield code="a">RU</subfield>
  </datafield>
  <datafield tag="105" ind1=" " ind2=" ">
    <subfield code="a">a   |||||||||</subfield>
  </datafield>
  <datafield tag="200" ind1="1" ind2=" ">
    <subfield code="a">&#x41F;&#x438;&#x441;&#x44C;&#x43C;&#x430; &#x442;&#x443;&#x434;&#x430; &#x438; &#x43E;&#x431;&#x440;&#x430;&#x442;&#x43D;&#x43E;</subfield>
    <subfield code="e">&#x41F;&#x43E;&#x432;&#x435;&#x441;&#x442;&#x438;</subfield>
    <subfield code="f">&#x410;&#x43D;&#x430;&#x442;&#x43E;&#x43B;&#x438;&#x439; &#x422;&#x43E;&#x431;&#x43E;&#x43B;&#x44F;&#x43A;</subfield>
    <subfield code="g">[&#x425;&#x443;&#x434;&#x43E;&#x436;. &#x42E;.&#x418;. &#x427;&#x435;&#x440;&#x43F;&#x430;&#x43A;&#x43E;&#x432;]</subfield>
  </datafield>
  <datafield tag="210" ind1=" " ind2=" ">
    <subfield code="a">&#x42E;&#x436;&#x43D;&#x43E;-&#x421;&#x430;&#x445;&#x430;&#x43B;&#x438;&#x43D;&#x441;&#x43A;</subfield>
    <subfield code="c">&#x414;&#x430;&#x43B;&#x44C;&#x43D;&#x435;&#x432;&#x43E;&#x441;&#x442;. &#x43A;&#x43D;. &#x438;&#x437;&#x434;-&#x432;&#x43E;. &#x421;&#x430;&#x445;&#x430;&#x43B;&#x438;&#x43D;. &#x43E;&#x442;&#x434;-&#x43D;&#x438;&#x435;</subfield>
    <subfield code="d">1988</subfield>
  </datafield>
  <datafield tag="215" ind1=" " ind2=" ">
    <subfield code="a">240 &#x441;.</subfield>
    <subfield code="c">&#x438;&#x43B;.</subfield>
    <subfield code="d">20</subfield>
  </datafield>
  <datafield tag="327" ind1="1" ind2=" ">
    <subfield code="a">&#x421;&#x43E;&#x434;&#x435;&#x440;&#x436;.: &#x41F;&#x438;&#x441;&#x44C;&#x43C;&#x430; &#x442;&#x443;&#x434;&#x430; &#x438; &#x43E;&#x431;&#x440;&#x430;&#x442;&#x43D;&#x43E;; &#x41F;&#x43E;&#x43F;&#x44B;&#x442;&#x43A;&#x430; &#x43A;&#x43E;&#x43D;&#x442;&#x430;&#x43A;&#x442;&#x430;; &#x414;&#x432;&#x43E;&#x435; &#x432; &#x434;&#x43E;&#x43C;&#x435;; &#x41F;&#x430;&#x43F;&#x430; &#x443;&#x435;&#x445;&#x430;&#x43B;</subfield>
  </datafield>
  <datafield tag="464" ind1=" " ind2="0">
    <subfield code="1">2001#$a&#x41F;&#x438;&#x441;&#x44C;&#x43C;&#x430; &#x442;&#x443;&#x434;&#x430; &#x438; &#x43E;&#x431;&#x440;&#x430;&#x442;&#x43D;&#x43E;</subfield>
    <subfield code="t">&#x41F;&#x438;&#x441;&#x44C;&#x43C;&#x430; &#x442;&#x443;&#x434;&#x430; &#x438; &#x43E;&#x431;&#x440;&#x430;&#x442;&#x43D;&#x43E;</subfield>
  </datafield>
  <datafield tag="464" ind1=" " ind2="0">
    <subfield code="1">2001#$a&#x41F;&#x43E;&#x43F;&#x44B;&#x442;&#x43A;&#x430; &#x43A;&#x43E;&#x43D;&#x442;&#x430;&#x43A;&#x442;&#x430;</subfield>
    <subfield code="t">&#x41F;&#x43E;&#x43F;&#x44B;&#x442;&#x43A;&#x430; &#x43A;&#x43E;&#x43D;&#x442;&#x430;&#x43A;&#x442;&#x430;</subfield>
  </datafield>
  <datafield tag="464" ind1=" " ind2="0">
    <subfield code="1">2001#$a&#x414;&#x432;&#x43E;&#x435; &#x432; &#x434;&#x43E;&#x43C;&#x435;</subfield>
    <subfield code="t">&#x414;&#x432;&#x43E;&#x435; &#x432; &#x434;&#x43E;&#x43C;&#x435;</subfield>
  </datafield>
  <datafield tag="464" ind1=" " ind2="0">
    <subfield code="1">2001#$a&#x41F;&#x430;&#x43F;&#x430; &#x443;&#x435;&#x445;&#x430;&#x43B;</subfield>
    <subfield code="t">&#x41F;&#x430;&#x43F;&#x430; &#x443;&#x435;&#x445;&#x430;&#x43B;</subfield>
  </datafield>
  <datafield tag="700" ind1=" " ind2="1">
    <subfield code="a">&#x422;&#x43E;&#x431;&#x43E;&#x43B;&#x44F;&#x43A;</subfield>
    <subfield code="b">&#x410;.&#x421;.</subfield>
    <subfield code="f">1936-</subfield>
    <subfield code="g">&#x410;&#x43D;&#x430;&#x442;&#x43E;&#x43B;&#x438;&#x439; &#x421;&#x430;&#x43C;&#x443;&#x438;&#x43B;&#x43E;&#x432;&#x438;&#x447;</subfield>
  </datafield>
  <datafield tag="801" ind1=" " ind2="0">
    <subfield code="a">RU</subfield>
    <subfield code="b">NLR</subfield>
    <subfield code="g">psbo</subfield>
  </datafield>
  <datafield tag="801" ind1=" " ind2="1">
    <subfield code="a">RU</subfield>
    <subfield code="b">ELAR</subfield>
    <subfield code="2">rusmarc</subfield>
  </datafield>
  <datafield tag="852" ind1=" " ind2=" ">
    <subfield code="a">NLR</subfield>
    <subfield code="j">88-3/11882</subfield>
  </datafield>
  <datafield tag="942" ind1=" " ind2=" ">
    <subfield code="c">BOOK</subfield>
  </datafield>
  <datafield tag="980" ind1=" " ind2=" ">
    <subfield code="a">NB</subfield>
  </datafield>
  <datafield tag="995" ind1=" " ind2=" ">
    <subfield code="5">2013-10-26</subfield>
    <subfield code="b">NLR01</subfield>
    <subfield code="c">NLR01</subfield>
    <subfield code="e">RF9</subfield>
    <subfield code="f">5777161-10</subfield>
    <subfield code="k">88-3/11882</subfield>
    <subfield code="o">0</subfield>
    <subfield code="r">BOOK</subfield>
    <subfield code="s">88311882_</subfield>
  </datafield>
</record>
